000 00250nam a22001097a 4500
082 _a0333 WAS
100 _aZAFAR AHMED
_917357
245 _aHUM SAY AHID LIA GIA
260 _aKARACHI
_bADARAY-E-TALEEFAT
_c2002
650 _aURDU
_923367
942 _cBK
999 _c573148
_d573148